000
00249nam a2200097Ia 4500
001
688558
005
20250826161617.0
008
250824s9999 xx 000 0 und d
245
0
_a
MİNYELİ ABDULLAH
_c
HEKİMOĞLU İSMAİL
260
_b
TİMAŞ YAYINLARI
999
_c
688558
_d
688558